000
00315nam a2200133Ia 4500
999
_c
10568
_d
10568
003
OSt
008
220318s9999 xx 000 0 und d
020
_a
9781632390011
082
_a
712
100
_a
Alex vedder
245
0
_a
Handbook of landscape architecture vol. 2
260
_a
callisto reference
942
_2
ddc